20th Century History (By Picture) - Statistics

General Stats
  • This quiz has been taken 70 times
  • The average score is 22 of 36
Answer Stats
Picture Hint Answer % Correct
Name of the two brothers pioneered the first flight Wright Brothers
96%
Name of this assassination's victim Franz Ferdinand
93%
Name of this famous activist Mahatma Gandhi
93%
Name of this famous cultural icon Charlie Chaplin
91%
Name of this WW2 operation D-Day
89%
Name of this war First World War
89%
Name of this famous physicist Albert Einstein
87%
Name of the growing metropolis depicted New York City
87%
Name of the American leader depicted John F. Kennedy
84%
Name of this era in US History (pic depicts a soup line) Great Depression
80%
Name of this city which hosted the World's Fair (1900) Paris
75%
Name of this war Second World War
75%
Name of this event, a day that will live in infamy Bombing of Pearl Harbor
67%
Name of this sinking ship RMS Titanic
65%
Name of this Empire Soviet Union
65%
Name of the group interned in US during WW2 Japanese-Americans
64%
Name of this puppet government under Nazi rule Vichy France
64%
Name of this empire Third Reich
62%
This "burning monk" protested against the policies of which country South Vietnam
58%
Name of the city occupied by the forces above Beijing
56%
Name of the Soviet leader depicted (on the right) Leonid Brezhnev
56%
Name of the explorer who led this polar expedition Roald Amundsen
56%
Name of this "square" which witnessed a massacre Tiananmen Square
56%
Name of the canal opened in the photo Panama Canal
55%
Post-War economic success touched this nation United States of America
51%
Name of this famous US activist Martin Luther King Jr.
45%
Name of the war machine depicted above Tank
45%
Name of this groundbreaking communication invention Radio
44%
Name of this rising Asian city (1980s) Tokyo
42%
Iranian people hailed this leader's return from exile Ayatollah Khomeini
38%
Name of this royal family (the last in Russia's history) Romanov
38%
Name of this "type" of women (1920s) Flapper
33%
Name of the Chinese movement promoted by this propoganda poster Cultural Revolution
27%
Name of the US policy responsible for administration above The New Deal
18%
Name of this San Francisco social gathering Summer of Love
16%
Name of this US cultural movement embodied by the youth on the left Counterculture
5%
No matching quizzes found
Score Distribution
Percent of People with Each Score
Percentile by Number Answered
Your Score History
You have not taken this quiz